Misfit- Juice WRLD - Statistics

General Stats
  • This quiz has been taken 59 times
  • The average score is 206 of 341
Answer Stats
Answer % Correct
on
93%
a
90%
main
86%
one
86%
One
86%
girl
83%
Heart
83%
heart
83%
misfit
83%
oh
83%
Oh
83%
fuck
79%
hurt
79%
I
79%
i
79%
like
79%
still
79%
Still
79%
I'm
76%
Im
76%
im
76%
wrist
76%
dont
72%
don't
72%
in
72%
mistress
72%
slit
72%
fit
69%
me
69%
my
69%
get
66%
to
66%
be
62%
first
62%
First
62%
then
62%
rich
59%
forgive
55%
mind
55%
thing
55%
tonight
55%
it
52%
lord
52%
means
52%
that
52%
friends
48%
the
48%
with
48%
Yeah
48%
yeah
48%
baby
45%
high
45%
Ima
45%
know
45%
nah
45%
sin
45%
twice
45%
flight
41%
go
41%
just
41%
LA
41%
Xanny
41%
bought
38%
coupe
38%
into
38%
last
38%
life
38%
missed
38%
niggas
38%
Prolly
38%
prolly
38%
so
38%
almost
34%
bad
34%
bitch
34%
cool
34%
drugs
34%
night
34%
of
34%
over
34%
pretty
34%
Secret
34%
swag
34%
too
34%
turnin'
34%
twins
34%
was
34%
Xans
34%
check
31%
em
31%
have
31%
I'll
31%
it's
31%
relapse
31%
run
31%
some
31%
that's
31%
thats
31%
Victoria
31%
went
31%
back
28%
east
28%
forget
28%
from
28%
good
28%
make
28%
right
28%
take
28%
them
28%
you
28%
yours
28%
beast
24%
benz
24%
died
24%
gym
24%
keep
24%
need
24%
new
24%
pop
24%
quit
24%
street
24%
and
21%
brand
21%
class
21%
if
21%
call
17%
feet
17%
put
14%
tell
14%
xanax
14%
his
10%
Whoa
10%
Ay
7%
ay
7%
hit
7%
menage
7%
motherfucker
7%
they'll
7%
No matching quizzes found
Score Distribution
Percent of People with Each Score
Percentile by Number Answered
Your Score History
You have not taken this quiz